000 01015cam a22002891 4500
001 8274
003 BD-RjUL
005 20211208234545.0
008 180114s1966 gw b 000 0 eng
035 _a(BD-RjUL)8319
040 _aDLC
_cDLC
_dOCoLC
_dDLC
_dBD-RjUL
_beng
041 _aeng
082 0 0 _a517.8
_218
_bNAI 1966
100 1 _aNarasimhan, Raghavan.
_925808
245 1 0 _aIntroduction to the theory of analytic spaces /
_c Raghavan Narasimhan.
260 _aBerlin :
_aNew York :
_bSpringer-Verlag,
_cc1966.
300 _a143 p. ;
_c28 cm.
490 1 _aLecture notes in mathematics,
_v25
500 _aSeminar lectures given at the Eidgenössische Technische Hochschule, Forschungsinstitut für Mathematik, Zurich.
504 _aIncludes bibliographical references.
650 0 _aFunctions of several complex variables.
_921202
830 0 _v25.
_925815
830 0 _aLecture notes in mathematics (Springer-Verlag) ;
_925816
942 _2ddc
_cBK
999 _c8274
_d8274